| 000 | 00565nam a2200157 a 4500 | ||
|---|---|---|---|
| 001 | 000034173 | ||
| 005 | 20200930070834.0 | ||
| 008 | 110926s2017 dr a 000 spa d | ||
| 040 |
_aDO-SdBNP _bspa _cBNPHU |
||
| 100 | 1 | 0 |
_aVergés, Luis _943290 |
| 245 | 0 | 0 |
_aDesafiando las barreras mentales del éxito y la felicidad:. : _bel método para retar los obstáculos que impiden el desarrollo personal / _cLuis Vergés. |
| 250 | _a2da. ed. | ||
| 260 |
_aSanto Domingo, : _bAmigo del Hogar, _c2017. |
||
| 300 |
_a273 p. : _bil ; _c24 cm. |
||
| 590 | _aInventariado, 2020 / DG | ||
| 999 |
_c33664 _d33664 |
||